10 Most Valuable Football Players in 2020 - Statistics

General Stats
  • This quiz has been taken 22 times
  • The average score is 9 of 10
Answer Stats
Value (€) Country Team (2020) Team now Answer % Correct
180M France Paris Saint-Germain Real Madrid Kylian Mbappé
100%
120M Egypt Liverpool Liverpool Mohamed Salah
100%
128M Brazil Paris Saint-Germain Santos Neymar
100%
120M Senegal Liverpool Al-Nassr Sadio Mané
100%
120M England Tottenham Bayern Munich Harry Kane
95%
120M Belgium Manchester City Napoli Kevin De Bruyne
95%
112M Argentina Barcelona Inter Miami Lionel Messi
95%
130M England Borussia Dortmund Aston Villa Jadon Sancho
90%
110M England Liverpool Real Madrid Trent Alexander-Arnold
90%
128M England Manchester City Feyenoord Raheem Sterling
67%
No matching quizzes found
Score Distribution
Percent of People with Each Score
Percentile by Number Answered
Your Score History
You have not taken this quiz